000 00460nam a2200193Ia 4500
005 20250423094444.0
008 250422s9999 xx 000 0 und d
020 _a8123902662
050 _aQD 101.2 .V47/
100 _aVerma, R. M.
245 0 _aAnalytical chemistry
250 _a3rd ed.
260 _aNew delhi
260 _bCBS publisher & distributor
260 _c2016
300 _a561 p
650 _aTheory and practice
942 _cBK
999 _c27291
_d27291